=LDR 00000nam 2200000 4500 =001 INLIS000000000036473 =005 20130612142246 =008 ***********************************Ind** =035 ##$$0010-061300000036473 =041 ##$$a Ind =082 ##$$a 813 =090 ##$$a 813, Tor m =100 ##$$a Torashyngu, Lema =245 ##$$a Mawar merah mataram, Lema Torashyngu =260 ##$$a 2011 $b Jakarta =300 ##$$a 377 hlm, 20 cm =650 ##$$a Fiksi Indonesia =850 ##$$a NBPNMAT